00517nam a2200205 a 4500001001300000003000900013005001700022008004100039020001000080082002100090100001700111245002200128260004200150300000900192500003500201505001000236650001800246650003000264700001700294nice12345678IN_TiNIC20260116013443.0050524s1998 dela grp 000 0 eng  ac17500a305.6297054bFAR aFarooqi, M N aMy Days Ataligarh aDelhibIdara-I-Adabiyat-I-Dillic1998 a193p aincludes index and biblioraphy2 aIndex aMuslims-India aAligarh Muslim University1 aFarooqi, M N